000 00277nam a22001337a 4500
008 190205b xxu||||| |||| 00| 0 eng d
041 _aeng
080 _a004
082 _a004
100 _a28
101 _aSHK
245 _aSigma Plot
_cTuerk M. Thomas
942 _2udc
_cBK
999 _c53987
_d53987